Loghi delle squadre italiane - Serie B - Statistics

Statistiche generali
  • Questo quiz è stato fatto 98 volte
  • Il punteggio medio è 15 su 20
Statistiche sulle risposte
con Immagini Risposta % Corretto
Pisa
100%
Sassuolo
100%
Spezia
100%
Catanzaro
93%
Cesena
92%
Palermo
90%
Bari
89%
Cremonese
89%
Juve Stabia
89%
Modena
83%
Südtirol
76%
Mantova
69%
Reggiana
63%
Frosinone
61%
Brescia
58%
Salernitana
56%
Carrarese
51%
Sampdoria
43%
Cosenza
36%
Cittadella
33%
Nessun quiz corrispondente trovato
Distribuzione punteggi
Percentuale di utenti per punteggio
Percentile per numero di risposta
I tuoi punteggi nel tempo
Non hai fatto questo quiz